<?xml version="1.0" encoding="UTF-8"?>
<record
    xmlns:xsi="http://www.w3.org/2001/XMLSchema-instance"
    xsi:schemaLocation="http://www.loc.gov/MARC21/slim http://www.loc.gov/standards/marcxml/schema/MARC21slim.xsd"
    xmlns="http://www.loc.gov/MARC21/slim">

  <leader>01192cam a2200337 a 4500</leader>
  <datafield tag="952" ind1=" " ind2=" ">
    <subfield code="0">0</subfield>
    <subfield code="1">0</subfield>
    <subfield code="2">ddc</subfield>
    <subfield code="4">0</subfield>
    <subfield code="7">0</subfield>
    <subfield code="8">NFIC</subfield>
    <subfield code="a">ASL</subfield>
    <subfield code="b">ASL</subfield>
    <subfield code="c">ASBP</subfield>
    <subfield code="d">2017-01-05</subfield>
    <subfield code="e">ASB Publications</subfield>
    <subfield code="h">ASP-052</subfield>
    <subfield code="l">0</subfield>
    <subfield code="o">320.5402 KHP</subfield>
    <subfield code="p">100273</subfield>
    <subfield code="r">2017-01-05 00:00:00</subfield>
    <subfield code="t">C-1</subfield>
    <subfield code="w">2017-01-05</subfield>
    <subfield code="y">BK</subfield>
    <subfield code="z">RARE</subfield>
  </datafield>
  <datafield tag="952" ind1=" " ind2=" ">
    <subfield code="0">0</subfield>
    <subfield code="1">0</subfield>
    <subfield code="2">ddc</subfield>
    <subfield code="4">0</subfield>
    <subfield code="7">0</subfield>
    <subfield code="8">NFIC</subfield>
    <subfield code="a">ASL</subfield>
    <subfield code="b">ASL</subfield>
    <subfield code="c">GEN</subfield>
    <subfield code="d">2017-01-05</subfield>
    <subfield code="e">ASB Publications</subfield>
    <subfield code="h">ASP-052</subfield>
    <subfield code="l">0</subfield>
    <subfield code="o">320.5402 KHP</subfield>
    <subfield code="p">100274</subfield>
    <subfield code="r">2017-01-05 00:00:00</subfield>
    <subfield code="t">C-2</subfield>
    <subfield code="w">2017-01-05</subfield>
    <subfield code="y">BK</subfield>
    <subfield code="z">RARE</subfield>
  </datafield>
  <datafield tag="952" ind1=" " ind2=" ">
    <subfield code="0">0</subfield>
    <subfield code="1">0</subfield>
    <subfield code="2">ddc</subfield>
    <subfield code="4">0</subfield>
    <subfield code="7">0</subfield>
    <subfield code="8">NFIC</subfield>
    <subfield code="a">ASL</subfield>
    <subfield code="b">ASL</subfield>
    <subfield code="c">GEN</subfield>
    <subfield code="d">2017-01-05</subfield>
    <subfield code="e">ASB Publications</subfield>
    <subfield code="h">ASP-052</subfield>
    <subfield code="l">0</subfield>
    <subfield code="o">320.5402 KHP</subfield>
    <subfield code="p">100275</subfield>
    <subfield code="r">2017-01-05 00:00:00</subfield>
    <subfield code="t">C-3</subfield>
    <subfield code="w">2017-01-05</subfield>
    <subfield code="y">BK</subfield>
    <subfield code="z">RARE</subfield>
  </datafield>
  <datafield tag="952" ind1=" " ind2=" ">
    <subfield code="0">0</subfield>
    <subfield code="1">0</subfield>
    <subfield code="2">ddc</subfield>
    <subfield code="4">0</subfield>
    <subfield code="7">0</subfield>
    <subfield code="8">NFIC</subfield>
    <subfield code="a">ASL</subfield>
    <subfield code="b">ASL</subfield>
    <subfield code="c">GEN</subfield>
    <subfield code="d">2017-01-05</subfield>
    <subfield code="e">ASB Publications</subfield>
    <subfield code="h">ASP-052</subfield>
    <subfield code="l">0</subfield>
    <subfield code="o">320.5402 KHP</subfield>
    <subfield code="p">100276</subfield>
    <subfield code="r">2017-01-05 00:00:00</subfield>
    <subfield code="t">C-4</subfield>
    <subfield code="w">2017-01-05</subfield>
    <subfield code="y">BK</subfield>
    <subfield code="z">RARE</subfield>
  </datafield>
  <datafield tag="952" ind1=" " ind2=" ">
    <subfield code="0">0</subfield>
    <subfield code="1">0</subfield>
    <subfield code="2">ddc</subfield>
    <subfield code="4">0</subfield>
    <subfield code="7">0</subfield>
    <subfield code="8">NFIC</subfield>
    <subfield code="a">ASL</subfield>
    <subfield code="b">ASL</subfield>
    <subfield code="c">GEN</subfield>
    <subfield code="d">2017-01-05</subfield>
    <subfield code="e">ASB Publications</subfield>
    <subfield code="h">ASP-052</subfield>
    <subfield code="l">0</subfield>
    <subfield code="o">320.5402 KHP</subfield>
    <subfield code="p">100277</subfield>
    <subfield code="r">2017-01-05 00:00:00</subfield>
    <subfield code="t">C-5</subfield>
    <subfield code="w">2017-01-05</subfield>
    <subfield code="y">BK</subfield>
    <subfield code="z">RARE</subfield>
  </datafield>
  <datafield tag="952" ind1=" " ind2=" ">
    <subfield code="0">0</subfield>
    <subfield code="1">0</subfield>
    <subfield code="2">ddc</subfield>
    <subfield code="4">0</subfield>
    <subfield code="7">0</subfield>
    <subfield code="8">NFIC</subfield>
    <subfield code="a">ASL</subfield>
    <subfield code="b">ASL</subfield>
    <subfield code="c">GEN</subfield>
    <subfield code="d">2021-01-24</subfield>
    <subfield code="e">ASB Publications</subfield>
    <subfield code="h">ASP-052</subfield>
    <subfield code="l">0</subfield>
    <subfield code="o">320.5402 KHP</subfield>
    <subfield code="p">104822</subfield>
    <subfield code="r">2021-01-24 00:00:00</subfield>
    <subfield code="t">C-6</subfield>
    <subfield code="w">2021-01-24</subfield>
    <subfield code="y">BK</subfield>
    <subfield code="z">RARE</subfield>
  </datafield>
  <datafield tag="952" ind1=" " ind2=" ">
    <subfield code="0">0</subfield>
    <subfield code="1">0</subfield>
    <subfield code="2">ddc</subfield>
    <subfield code="4">0</subfield>
    <subfield code="7">0</subfield>
    <subfield code="8">NFIC</subfield>
    <subfield code="a">ASL</subfield>
    <subfield code="b">ASL</subfield>
    <subfield code="c">GEN</subfield>
    <subfield code="d">2021-01-24</subfield>
    <subfield code="e">ASB Publications</subfield>
    <subfield code="h">ASP-052</subfield>
    <subfield code="l">0</subfield>
    <subfield code="o">320.5402 KHP</subfield>
    <subfield code="p">104823</subfield>
    <subfield code="r">2021-01-24 00:00:00</subfield>
    <subfield code="t">C-7</subfield>
    <subfield code="w">2021-01-24</subfield>
    <subfield code="y">BK</subfield>
    <subfield code="z">RARE</subfield>
  </datafield>
  <datafield tag="952" ind1=" " ind2=" ">
    <subfield code="0">0</subfield>
    <subfield code="1">0</subfield>
    <subfield code="2">ddc</subfield>
    <subfield code="4">0</subfield>
    <subfield code="7">0</subfield>
    <subfield code="8">NFIC</subfield>
    <subfield code="a">ASL</subfield>
    <subfield code="b">ASL</subfield>
    <subfield code="c">GEN</subfield>
    <subfield code="d">2021-01-24</subfield>
    <subfield code="e">ASB Publications</subfield>
    <subfield code="h">ASP-052</subfield>
    <subfield code="l">0</subfield>
    <subfield code="o">320.5402 KHP</subfield>
    <subfield code="p">104824</subfield>
    <subfield code="r">2021-01-24 00:00:00</subfield>
    <subfield code="t">C-8</subfield>
    <subfield code="w">2021-01-24</subfield>
    <subfield code="y">BK</subfield>
    <subfield code="z">RARE</subfield>
  </datafield>
  <datafield tag="952" ind1=" " ind2=" ">
    <subfield code="0">0</subfield>
    <subfield code="1">0</subfield>
    <subfield code="2">ddc</subfield>
    <subfield code="4">0</subfield>
    <subfield code="7">0</subfield>
    <subfield code="8">NFIC</subfield>
    <subfield code="a">ASL</subfield>
    <subfield code="b">ASL</subfield>
    <subfield code="c">GEN</subfield>
    <subfield code="d">2021-01-24</subfield>
    <subfield code="e">ASB Publications</subfield>
    <subfield code="h">ASP-052</subfield>
    <subfield code="l">0</subfield>
    <subfield code="o">320.5402 KHP</subfield>
    <subfield code="p">104825</subfield>
    <subfield code="r">2021-01-24 00:00:00</subfield>
    <subfield code="t">C-9</subfield>
    <subfield code="w">2021-01-24</subfield>
    <subfield code="y">BK</subfield>
    <subfield code="z">RARE</subfield>
  </datafield>
  <datafield tag="952" ind1=" " ind2=" ">
    <subfield code="0">0</subfield>
    <subfield code="1">0</subfield>
    <subfield code="2">ddc</subfield>
    <subfield code="4">0</subfield>
    <subfield code="7">0</subfield>
    <subfield code="8">NFIC</subfield>
    <subfield code="a">ASL</subfield>
    <subfield code="b">ASL</subfield>
    <subfield code="c">ASBP</subfield>
    <subfield code="d">2021-01-24</subfield>
    <subfield code="e">ASB Publications</subfield>
    <subfield code="h">ASP-052</subfield>
    <subfield code="l">0</subfield>
    <subfield code="o">320.5402 KHP</subfield>
    <subfield code="p">104858</subfield>
    <subfield code="r">2021-01-24 00:00:00</subfield>
    <subfield code="t">C-10</subfield>
    <subfield code="w">2021-01-24</subfield>
    <subfield code="y">BK</subfield>
    <subfield code="z">RARE</subfield>
  </datafield>
  <datafield tag="999" ind1=" " ind2=" ">
    <subfield code="c">17545</subfield>
    <subfield code="d">17545</subfield>
  </datafield>
  <controlfield tag="001">2434337</controlfield>
  <controlfield tag="003">BDDh-ASL</controlfield>
  <controlfield tag="005">20231015025555.0</controlfield>
  <controlfield tag="008">17    s1987    bg abf   b    001 0 ben |</controlfield>
  <datafield tag="010" ind1=" " ind2=" ">
    <subfield code="a">   87903961 </subfield>
  </datafield>
  <datafield tag="020" ind1=" " ind2=" ">
    <subfield code="c">Tk200.00</subfield>
  </datafield>
  <datafield tag="025" ind1=" " ind2=" ">
    <subfield code="a">B E 4907</subfield>
  </datafield>
  <datafield tag="035" ind1=" " ind2=" ">
    <subfield code="a">(DLC)   87903961</subfield>
  </datafield>
  <datafield tag="040" ind1=" " ind2=" ">
    <subfield code="a">DLC</subfield>
    <subfield code="c">BDDh-ASL</subfield>
    <subfield code="d">BDDh-ASL</subfield>
  </datafield>
  <datafield tag="043" ind1=" " ind2=" ">
    <subfield code="a">a-ii---</subfield>
    <subfield code="a">a-bg---</subfield>
  </datafield>
  <datafield tag="050" ind1="0" ind2="0">
    <subfield code="a">DS485.B49</subfield>
    <subfield code="b">K48 1987</subfield>
  </datafield>
  <datafield tag="082" ind1="0" ind2="0">
    <subfield code="a">320.5402</subfield>
    <subfield code="b">KHP</subfield>
  </datafield>
  <datafield tag="100" ind1="1" ind2=" ">
    <subfield code="a">Khan, Bazlur Rahman.</subfield>
    <subfield code="9">240</subfield>
  </datafield>
  <datafield tag="245" ind1="1" ind2="0">
    <subfield code="a">Politics in Bengal, 1927-1936 /</subfield>
    <subfield code="c">Bazlur Rahman Khan.</subfield>
  </datafield>
  <datafield tag="260" ind1=" " ind2=" ">
    <subfield code="a">Dhaka :</subfield>
    <subfield code="b">Asiatic Society of Bangladesh,</subfield>
    <subfield code="c">1987.</subfield>
  </datafield>
  <datafield tag="300" ind1=" " ind2=" ">
    <subfield code="a">xvi, 250, ii p., [7] leaves of plates (some folded) :</subfield>
    <subfield code="b">ill., maps ;</subfield>
    <subfield code="c">25 cm.</subfield>
  </datafield>
  <datafield tag="440" ind1=" " ind2=" ">
    <subfield code="a">Asiatic Society of Bangladesh publication;</subfield>
    <subfield code="v">no. 52</subfield>
    <subfield code="9">241</subfield>
  </datafield>
  <datafield tag="500" ind1=" " ind2=" ">
    <subfield code="a">Revision of the author's thesis (Ph. D.--University of London)</subfield>
  </datafield>
  <datafield tag="500" ind1=" " ind2=" ">
    <subfield code="a">Includes index.</subfield>
  </datafield>
  <datafield tag="504" ind1=" " ind2=" ">
    <subfield code="a">Bibliography: p. 213-239.</subfield>
  </datafield>
  <datafield tag="504" ind1=" " ind2=" ">
    <subfield code="a">Includes bibliographical references and index</subfield>
  </datafield>
  <datafield tag="651" ind1=" " ind2="0">
    <subfield code="a">Bengal (India)</subfield>
    <subfield code="x">Politics and government.</subfield>
    <subfield code="9">235</subfield>
  </datafield>
  <datafield tag="906" ind1=" " ind2=" ">
    <subfield code="a">7</subfield>
    <subfield code="b">cbc</subfield>
    <subfield code="c">orignew</subfield>
    <subfield code="d">3</subfield>
    <subfield code="e">ncip</subfield>
    <subfield code="f">19</subfield>
    <subfield code="g">y-gencatlg</subfield>
  </datafield>
  <datafield tag="942" ind1=" " ind2=" ">
    <subfield code="2">ddc</subfield>
    <subfield code="c">BK</subfield>
  </datafield>
</record>
